| 000 | 01756nam a22003977a 4500 | ||
|---|---|---|---|
| 001 | 311 | ||
| 003 | OSt | ||
| 005 | 20250528074017.0 | ||
| 008 | 250325b |||||||e |||| 00| f eng d | ||
| 040 | _bpor | ||
| 041 |
_heng _apor |
||
| 082 |
_a028.5 _bC319a |
||
| 100 | 1 |
_aCarroll, Lewis, _d1832-1898 _9616 |
|
| 240 | _aAlice´s adventures in Wonderland | ||
| 245 |
_aAlice nos país das maravilhas / _cCarroll, Lewis ; Tradução, introdução e notas de Isabel de Lorenzo ; Tradução dos poemas de Nelson Ascher ; Apresentação de Francisco Achcar e Ilustração de Peter Newell |
||
| 260 |
_aSão Paulo _bSol _c2000 |
||
| 300 |
_a120 p. _bil. |
||
| 490 | 1 | _aObjetivo | |
| 520 | _aAs numerosas e divertidíssimas "loucuras" deste livro envolvem questões de lógica, física, filosofia etc. Não seria exagero afirmar que a obra foi destinada a crianças porque era muito "louca" para ser pacificamente aceita pelos leitores adultos de sua época. Contudo, Alice no País das Maravilhas foi sempre, para leitores de todas as idades, um extraordinário texto de prazer, uma leitura das mais surpreendentes e deliciosas que o mundo dos livros pode oferecer. | ||
| 650 | 0 |
_aLiteratura Inglesa _989 |
|
| 650 | 0 |
_aAdaptação _9788 |
|
| 650 | 0 |
_aInfantojuvenil _9200 |
|
| 650 | 0 |
_aClássicos _977 |
|
| 650 | 0 |
_aFantasia _945 |
|
| 650 | 0 |
_aAventura _947 |
|
| 650 | 0 |
_aSeres mágicos _946 |
|
| 650 | 0 |
_aFilme _926 |
|
| 655 | 0 |
_aRomance _923 |
|
| 655 | 0 |
_aFicção _922 |
|
| 700 |
_aIsabel de Lorenzo _eTradução _eIntrodução _eNotas _9617 |
||
| 700 |
_aNelson Ascher _eTradução dos poemas _9618 |
||
| 700 |
_aFrancisco Achcar _eApresentação _9619 |
||
| 700 |
_aPeter Newell _eIlustração _9620 |
||
| 830 |
_aObjetivo _9615 |
||
| 942 |
_2ddc _n0 _cBK |
||
| 999 |
_c311 _d311 |
||